Contabilidad, gobernanza y control en el sector público workshop académico y profesional /

Guardado en:
Autor Principal: Pérez Morote, Rosario.
Otros Autores: Pontones Rosa, Carolina., Lorenzo, Ricardo Gustavo.
Formato: Desconocido
Idioma:Spanish
Publicado: [España] : Publicia, 2024.
Materias:
Acceso en línea:Solicitar acceso
Etiquetas: Agregar Etiqueta
Sin Etiquetas, Sea el primero en etiquetar este registro!
LEADER 02042nai a22002655a 4500
001 EAD.ead004713
008 240410s2024####sp#||#wss#####0####2spa#d
005 20250714101907.0
245 1 0 |a Contabilidad, gobernanza y control en el sector público  |h [recurso electrónico] :  |b workshop académico y profesional /  |c Rosario Pérez Morote, Carolina Pontones Rosa, Ricardo Gustavo Lorenzo. 
260 |a [España] :  |b Publicia,  |c 2024. 
300 |a 1 recurso en línea (155 p.) 
500 |a Descripción basada en recurso en línea; título de la portada del recurso (visto 10 de abril, 2024). 
500 |a El presente libro recoge las ponencias y comunicaciones presentadas en el Workshop "Contabilidad, gobernanza y control en el sector público", celebrado el 17 de noviembre de 2022. El evento constituye un foro para el intercambio de ideas y experiencias entre investigadores, profesionales y académicos de Argentina, Italia y España en cuestiones relacionadas con el análisis y mejora de la gestión pública. Su organización corre a cargo de la Universidad de Castilla-La Mancha, a través del Departamento de Administración de Empresas y Facultad de Ciencias Jurídicas y Sociales de Toledo y la Asociación Argentina de Profesores Universitarios de Contabilidad Pública (APUCP). Se articula en tres ejes principales, cada uno de ellos con ponencias de los países implicados: Gobernanza pública e instituciones económicas internacionales, Transparencia y control público interno y externo, y Contabilidad y presupuesto público. 
538 |a Modo de acceso: Correo electrónico a través de Internet. 
590 |a Almacenado en Libros Digitales 
020 |a 9783639559316 
100 1 |a Pérez Morote, Rosario. 
700 1 |a Pontones Rosa, Carolina. 
700 1 |a Lorenzo, Ricardo Gustavo. 
650 7 |a Sector público.  |2 unbist 
650 7 |a Contabilidad gubernamental.  |2 unbist 
650 7 |a Gobernabilidad.  |2 unbist 
655 7 |a Libros electrónicos  |2 local 
856 0 0 |u mailto:bibliotecadca@gmail.com  |y Solicitar acceso